| 000 | 00764nac a22002051u 4500 | ||
|---|---|---|---|
| 020 | _a0201509393 | ||
| 082 | 0 | 4 |
_a005.43 _bDEI |
| 090 |
_c7107 _d7107 |
||
| 100 | _aDeitel, Harvey M., | ||
| 245 | 1 | 0 |
_aAn introduction to Operating systems / _cHarvey M. Deitel |
| 250 | _a2nd ed. | ||
| 260 |
_aReading, MA: _bAddisopn-wesley pub.,1990 _c1990 |
||
| 300 |
_a853 p. : _bill. ; _c24 cm. |
||
| 500 | _adistributed by : Al-Ahram | ||
| 504 | _aIncludes bibliographical references (p. 1123-1137) and index. | ||
| 511 | _acatalogued by; wessam | ||
| 650 | 0 | _aOperating systems (Computers) | |
| 942 |
_cBB _k005.43DEI |
||
| 999 |
_c7107 _d7107 |
||